| 000 | 00637nam a2200205 u 4500 | ||
|---|---|---|---|
| 005 | 20240419063748.0 | ||
| 008 | 121112s2005 r 000 0 eng d | ||
| 020 | _a9780746085028 | ||
| 035 | _aUPN01000188431 | ||
| 049 | _aI | ||
| 050 | 4 |
_aPZ74 _bD6.5 |
|
| 100 | 1 |
_aDoherty, Gillian _932918 |
|
| 245 | 1 | 0 |
_a1001 cosas que buscar en el país de las hadas / _cGillian Doherty ; il. Teri Gower ; tr. Teresa Muñoz. |
| 260 |
_aLondres : _bUsborne, _c2005. |
||
| 300 |
_a32 p. : _bprincipalmente il. col. |
||
| 650 | 0 |
_aCuentos de hadas _95259 |
|
| 650 | 4 |
_aCUENTOS FANTASTICOS _97897 |
|
| 700 | 1 |
_aGower, Teri, _eil. |
|
| 905 | _aInfantil | ||
| 999 |
_c160534 _d160534 |
||